[Event "7th Asia-ch"]
[Site "Subic Bay PHI"]
[Date "2009.05.17"]
[Round "5"]
[White "Celis, Solomon"]
[Black "Priyadharshan, Kannappan"]
[Result "0-1"]
[WhiteElo "2007"]
[BlackElo "2411"]
[EventDate "2009.05.13"]
[PlyCount "56"]

1.d4 Nf6 2.c4 e6 3.Nc3 Bb4 4.Qc2 Nc6 5.e3 d6 6.Ne2 O-O 7.a3 Bxc3+ 8.Nxc3 
e5 9.dxe5 dxe5 10.b4 Re8 11.Bb2 Nd4 12.exd4 exd4+ 13.Kd2 dxc3+ 14.Kxc3 b5 
15.Rd1 Qe7 16.Bd3 Be6 17.Rhe1 c5 18.Re3 cxb4+ 19.axb4 bxc4 20.Be4 a5 21.
bxa5 Rab8 22.Kd2 Nxe4+ 23.Rxe4 Qg5+ 24.Re3 Bf5 25.Qc3 Rxe3 26.fxe3 Rb3 27.
Qe5 Qxg2+ 28.Ke1 Qg1+ 0-1

[Event "7th Asia-ch"]
[Site "Subic Bay PHI"]
[Date "2009.05.17"]
[Round "5"]
[White "Wang Li"]
[Black "Nguyen Hoang Nam"]
[Result "1-0"]
[WhiteElo "2401"]
[BlackElo "2281"]
[EventDate "2009.05.13"]
[PlyCount "155"]

1.e4 c5 2.Nf3 d6 3.d4 cxd4 4.Nxd4 Nf6 5.Nc3 a6 6.Be3 e6 7.Be2 Be7 8.O-O 
O-O 9.f4 Nc6 10.a4 Qc7 11.Kh1 Re8 12.Bf3 Bf8 13.Qd2 Rb8 14.Qf2 Nd7 15.Rad1
Nxd4 16.Bxd4 b5 17.axb5 axb5 18.e5 b4 19.Ne4 d5 20.Ng5 Nc5 21.f5 Ba6 22.
Bh5 Ne4 23.Nxe4 Bxf1 24.fxe6 Rxe6 25.Rxf1 g6 26.Nf6+ Rxf6 27.Qxf6 Bg7 28.
Qg5 h6 29.Qg3 gxh5 30.e6 Qxg3 31.exf7+ Kh7 32.hxg3 Kg6 33.b3 Bf8 34.Rf6+ 
Kg5 35.Kh2 Rb7 36.Kh3 Rc7 37.Rf2 Rc6 38.Be3+ Kg6 39.g4 hxg4+ 40.Kxg4 Re6 
41.Bd2 Rc6 42.Bc1 Rc3 43.g3 h5+ 44.Kh4 Be7+ 45.Kh3 Bf8 46.Bb2 Rc6 47.g4 
hxg4+ 48.Kxg4 Re6 49.Bd4 Rc6 50.Rf4 Re6 51.Kf3 Rc6 52.Be5 Re6 53.Bd4 Rc6 
54.Ke3 Rxc2 55.Rf6+ Kg5 56.Be5 Rc8 57.Re6 Bc5+ 58.Bd4 Bxd4+ 59.Kxd4 Rf8 
60.Kxd5 Rxf7 61.Kc5 Kf5 62.Rc6 Ke5 63.Kxb4 Kd5 64.Kb5 Rf8 65.b4 Rh8 66.Rc7
Ra8 67.Rb7 Kd6 68.Kb6 Ra1 69.b5 Ra2 70.Rb8 Kd7 71.Kb7 Rb2 72.b6 Rb1 73.Rh8
Rb2 74.Rh1 Rd2 75.Rc1 Kd8 76.Kb8 Rd3 77.b7 Rd2 78.Ra1 1-0

[Event "7th Asia-ch"]
[Site "Subic Bay PHI"]
[Date "2009.05.17"]
[Round "5"]
[White "Elorta, David"]
[Black "Chua, Aaron"]
[Result "1-0"]
[WhiteElo "2372"]
[BlackElo "2116"]
[EventDate "2009.05.13"]
[PlyCount "51"]

1.Nf3 Nf6 2.d4 d5 3.Bf4 e6 4.e3 c5 5.c3 Qb6 6.Qb3 c4 7.Qc2 Nc6 8.Nbd2 Bd7 
9.h3 Rc8 10.g4 Na5 11.Ne5 Bd6 12.g5 Ng8 13.h4 Ne7 14.h5 Nf5 15.Bh3 g6 16.
O-O-O Nc6 17.Bxf5 gxf5 18.Nexc4 dxc4 19.Nxc4 Qa6 20.Nxd6+ Ke7 21.Nxc8+ 
Rxc8 22.Qb3 Qe2 23.Qa3+ Ke8 24.g6 h6 25.g7 Ne7 26.Rhg1 1-0

[Event "7th Asia-ch"]
[Site "Subic Bay PHI"]
[Date "2009.05.18"]
[Round "6"]
[White "Moradiabadi, Elshan"]
[Black "Ganguly, Surya Shekhar"]
[Result "1/2-1/2"]
[WhiteElo "2526"]
[BlackElo "2625"]
[EventDate "2009.05.13"]
[PlyCount "60"]

1.d4 Nf6 2.c4 g6 3.Nc3 Bg7 4.e4 d6 5.Nf3 O-O 6.Be2 e5 7.O-O Nc6 8.d5 Ne7 
9.b4 Nh5 10.Re1 f5 11.Ng5 Nf6 12.Bf3 c6 13.b5 h6 14.Ne6 Bxe6 15.dxe6 fxe4 
16.Nxe4 Nxe4 17.Bxe4 d5 18.cxd5 cxd5 19.Ba3 dxe4 20.Qxd8 Rfxd8 21.Bxe7 Re8
22.Bc5 a6 23.b6 Rac8 24.Be3 Rxe6 25.Rac1 Rxc1 26.Rxc1 Re7 27.Rc7 Rf7 28.
Rc8+ Rf8 29.Rc7 Rf7 30.Rc8+ Rf8 1/2-1/2

[Event "7th Asia-ch"]
[Site "Subic Bay PHI"]
[Date "2009.05.18"]
[Round "6"]
[White "Le Quang Liem"]
[Black "Rahman, Ziaur"]
[Result "1-0"]
[WhiteElo "2591"]
[BlackElo "2523"]
[EventDate "2009.05.13"]
[PlyCount "73"]

1.d4 d5 2.Nf3 c6 3.c4 e6 4.Qc2 Bd6 5.Bg5 f6 6.Bh4 Ne7 7.e3 Nf5 8.Bg3 Nxg3 
9.hxg3 f5 10.Nc3 a6 11.O-O-O Nd7 12.Kb1 Qf6 13.Nd2 b6 14.cxd5 cxd5 15.Nb5 
axb5 16.Qc6 Rb8 17.Qxd6 Qe7 18.Qc7 O-O 19.Bxb5 Rb7 20.Qc6 Nb8 21.Qc3 Bd7 
22.Qb3 Qe8 23.Bxd7 Nxd7 24.Rc1 b5 25.Qb4 Qg6 26.Rc2 f4 27.gxf4 Qxg2 28.
Rhc1 Qxf2 29.Nc4 Qg3 30.Na5 Rbb8 31.f5 exf5 32.Nc6 Rbe8 33.Ne7+ Kh8 34.
Nxd5 Nf6 35.Nxf6 Rxf6 36.Qxb5 Qxe3 37.Re2 1-0

[Event "7th Asia-ch"]
[Site "Subic Bay PHI"]
[Date "2009.05.18"]
[Round "6"]
[White "Yu Shaoteng"]
[Black "Hou Yifan"]
[Result "1/2-1/2"]
[WhiteElo "2504"]
[BlackElo "2590"]
[EventDate "2009.05.13"]
[PlyCount "60"]

1.e4 Nf6 2.e5 Nd5 3.d4 d6 4.Nf3 dxe5 5.Nxe5 c6 6.Bd3 Nd7 7.Nf3 N7f6 8.h3 
Nb4 9.Bc4 Bf5 10.Na3 e6 11.c3 Nbd5 12.Nc2 Be7 13.O-O O-O 14.Ne3 Bg6 15.Ne5
c5 16.Nxg6 hxg6 17.dxc5 Bxc5 18.Nxd5 Nxd5 19.Bxd5 exd5 20.Bf4 d4 21.cxd4 
Qxd4 22.Qxd4 Bxd4 23.Rad1 Rad8 24.Rd2 Bf6 25.Rfd1 Rxd2 26.Rxd2 Rd8 27.
Rxd8+ Bxd8 28.Kf1 a6 29.Ke2 Kf8 30.Kd3 Bf6 1/2-1/2

[Event "7th Asia-ch"]
[Site "Subic Bay PHI"]
[Date "2009.05.18"]
[Round "6"]
[White "Bitoon, Richard"]
[Black "Filippov, Anton"]
[Result "1/2-1/2"]
[WhiteElo "2479"]
[BlackElo "2584"]
[EventDate "2009.05.13"]
[PlyCount "123"]

1.e4 e5 2.Nf3 Nc6 3.Bc4 Bc5 4.c3 Nf6 5.d3 a6 6.O-O Ba7 7.Nbd2 O-O 8.Re1 d6
9.Bb3 Nh5 10.Nf1 Nf4 11.Bxf4 exf4 12.d4 Qf6 13.N1d2 Bg4 14.h3 Bh5 15.Bd5 
Qh6 16.Qa4 Nd8 17.Qd7 c6 18.Bb3 Rb8 19.Nh4 Qg5 20.Ndf3 Bxf3 21.Nxf3 Qh6 
22.a4 Ne6 23.Qxd6 Nxd4 24.Qxh6 Nxf3+ 25.gxf3 gxh6 26.Rad1 Rbd8 27.e5 Bb8 
28.Rd4 Rxd4 29.cxd4 Kg7 30.Re4 f6 31.exf6+ Kxf6 32.Re6+ Kg5 33.Re7 Ba7 34.
Rg7+ Kf6 35.Rxb7 Bxd4 36.Bc4 a5 37.b3 Rd8 38.Rxh7 Kg6 39.Bd3+ Kg5 40.Be4 
Rd6 41.Rf7 Bf6 42.Rf8 h5 43.Kf1 Kh4 44.Kg2 c5 45.Rf7 Rb6 46.Rc7 Bd4 47.Bc2
Rd6 48.Rf7 Bf6 49.Bg6 Kg5 50.Be4 Kh4 51.Rf8 Rb6 52.Rf7 Rd6 53.Rh7 Bd4 54.
Rf7 Bf6 55.Bf5 Rb6 56.Rd7 Rxb3 57.Rd5 Rc3 58.Bg6 Bg5 59.Be8 Rc1 60.Bf7 Ra1
61.Be8 Rc1 62.Bf7 1/2-1/2

[Event "7th Asia-ch"]
[Site "Subic Bay PHI"]
[Date "2009.05.18"]
[Round "6"]
[White "Gupta, Abhijeet"]
[Black "Antonio, Rogelio jr"]
[Result "0-1"]
[WhiteElo "2570"]
[BlackElo "2518"]
[EventDate "2009.05.13"]
[PlyCount "84"]

1.d4 Nf6 2.c4 e6 3.Nf3 Bb4+ 4.Nbd2 b6 5.a3 Bxd2+ 6.Qxd2 Bb7 7.e3 O-O 8.Be2
Ne4 9.Qc2 f5 10.b3 Rf6 11.Bb2 Rg6 12.Rg1 a5 13.h3 d6 14.g4 Nd7 15.d5 Ndc5 
16.O-O-O fxg4 17.Nd4 Nxf2 18.Rdf1 Qg5 19.Kb1 Qxe3 20.Bxg4 Nxg4 21.hxg4 Rf8
22.Re1 Qd3 23.dxe6 Re8 24.Qxd3 Nxd3 25.Re3 Nxb2 26.Kxb2 c5 27.Nf5 Rgxe6 
28.Rd3 Be4 29.Rdg3 Bxf5 30.gxf5 Re2+ 31.Kc1 Re1+ 32.Rxe1 Rxe1+ 33.Kd2 Re5 
34.Rd3 Rxf5 35.Rxd6 Rf6 36.Rd7 h5 37.Ke3 h4 38.Rd2 Kh7 39.Ke4 g5 40.Ke5 
Kg6 41.Rd8 Rf5+ 42.Ke4 h3 0-1

[Event "7th Asia-ch"]
[Site "Subic Bay PHI"]
[Date "2009.05.18"]
[Round "6"]
[White "Toufighi, Homayoon"]
[Black "Zhou Weiqi"]
[Result "1/2-1/2"]
[WhiteElo "2478"]
[BlackElo "2563"]
[EventDate "2009.05.13"]
[PlyCount "109"]

1.e4 c5 2.Nf3 d6 3.Nc3 Nf6 4.d4 cxd4 5.Nxd4 a6 6.Be3 e6 7.a4 Nc6 8.Be2 Be7
9.O-O O-O 10.f4 Qc7 11.g4 Nxd4 12.Bxd4 e5 13.Be3 exf4 14.Bxf4 Be6 15.Qd4 
Nd7 16.Rad1 Ne5 17.Rd2 Rac8 18.Kg2 Qd8 19.Qe3 Ng6 20.Rdd1 Nxf4+ 21.Qxf4 
Rc5 22.h3 Qb6 23.Bd3 Bg5 24.Qg3 Qxb2 25.Nd5 Qe5 26.Qxe5 dxe5 27.Rb1 Rxd5 
28.exd5 Bxd5+ 29.Kg3 Bf4+ 30.Kf2 g6 31.Rb4 Bd2 32.Be4 Bxb4 33.Bxd5 Rd8 34.
c4 Bc5+ 35.Kf3 b5 36.axb5 axb5 37.Ke2 Rd7 38.Bc6 Rd4 39.cxb5 Kg7 40.g5 Ra4
41.Bd5 Rf4 42.Rxf4 exf4 43.Kf3 Bd6 44.b6 f6 45.h4 h6 46.gxf6+ Kxf6 47.b7 
Bb8 48.Bc6 Ke6 49.Be4 Kf6 50.Bc6 g5 51.hxg5+ Kxg5 52.Bd7 Kh4 53.Bc8 Bc7 
54.Bd7 Bb8 55.Kg2 1/2-1/2

[Event "7th Asia-ch"]
[Site "Subic Bay PHI"]
[Date "2009.05.18"]
[Round "6"]
[White "Djao Thien Hai"]
[Black "Tu Hoang Thong"]
[Result "1-0"]
[WhiteElo "2546"]
[BlackElo "2506"]
[EventDate "2009.05.13"]
[PlyCount "81"]

1.d4 d5 2.c4 e6 3.Nc3 Nf6 4.Nf3 Nbd7 5.cxd5 exd5 6.Bg5 Bb4 7.Qa4 c5 8.dxc5
Qa5 9.Qxa5 Bxa5 10.Rc1 Bxc3+ 11.Rxc3 Ne4 12.Rc1 Ndxc5 13.Be3 b6 14.Bxc5 
Nxc5 15.e3 Bd7 16.Be2 Ke7 17.O-O Rac8 18.Rcd1 Be6 19.Nd4 a5 20.f3 g6 21.
Rd2 Rc7 22.Rfd1 Na4 23.Kf2 Bd7 24.Bd3 Rhc8 25.Ne2 b5 26.Nd4 b4 27.Re1 Nb6 
28.b3 Rc5 29.h4 h5 30.Kg3 R8c7 31.Kf4 Rc8 32.Ree2 Rc1 33.Rc2 R8xc2 34.Rxc2
Rxc2 35.Bxc2 Kf6 36.g4 hxg4 37.fxg4 Bc8 38.Nc6 Bb7 39.g5+ Kg7 40.Nxa5 Ba8 
41.Ke5 1-0

[Event "7th Asia-ch"]
[Site "Subic Bay PHI"]
[Date "2009.05.18"]
[Round "6"]
[White "Nguyen Ngoc Truong Son"]
[Black "Iuldachev, Saidali"]
[Result "1-0"]
[WhiteElo "2588"]
[BlackElo "2497"]
[EventDate "2009.05.13"]
[PlyCount "83"]

1.d4 Nf6 2.Nf3 d6 3.Nc3 d5 4.Bg5 Bf5 5.e3 e6 6.Bd3 c6 7.Bxf5 exf5 8.Qd3 g6
9.g4 fxg4 10.Ne5 Be7 11.O-O-O Nbd7 12.Bxf6 Nxf6 13.e4 O-O 14.h3 g3 15.exd5
cxd5 16.Qxg3 Rc8 17.Ng4 Rc4 18.Qf3 Kg7 19.Rd3 Qa5 20.Qe3 Rxc3 21.Qxe7 Nxg4
22.Rxc3 Nf6 23.Qc5 Qa6 24.f3 b6 25.Qc7 Re8 26.a3 Re6 27.Kb1 Ne8 28.Qg3 Nd6
29.Re1 Rf6 30.Rc6 Qb7 31.Rc3 b5 32.Qe5 Nc4 33.Qe7 Qa6 34.Qb4 Qc8 35.b3 a5 
36.Qxa5 Ra6 37.Qb4 Nxa3+ 38.Kb2 Qa8 39.Rc7 Nb1 40.Rxb1 Ra2+ 41.Kc3 Qa6 42.
Qe7 1-0

[Event "7th Asia-ch"]
[Site "Subic Bay PHI"]
[Date "2009.05.18"]
[Round "6"]
[White "Al-Sayed, Mohamad Naser"]
[Black "Gomez, John Paul"]
[Result "1-0"]
[WhiteElo "2496"]
[BlackElo "2538"]
[EventDate "2009.05.13"]
[PlyCount "83"]

1.d4 Nf6 2.c4 e6 3.Nc3 Bb4 4.Qc2 Nc6 5.Nf3 d6 6.g3 O-O 7.Bg2 e5 8.d5 Nd4 
9.Nxd4 exd4 10.a3 Ba5 11.b4 Bb6 12.Na4 d3 13.Qxd3 Bxf2+ 14.Kxf2 Ng4+ 15.
Ke1 Qf6 16.Kd2 Ne5 17.Qc3 Qf2 18.Bf3 Re8 19.Bb2 Bh3 20.Qb3 Ng4 21.Qd3 Re3 
22.Bd4 Rae8 23.Bxg4 Rxd3+ 24.Kxd3 Qg2 25.Bf3 Bf5+ 26.Kd2 Qh3 27.Nc3 Bg6 
28.Ke1 Qf5 29.Kf2 Bh5 30.Rae1 Bg4 31.Rhf1 Bh3 32.e4 Qg5 33.Rh1 Qd2+ 34.Ne2
f5 35.Rd1 Qa2 36.Ra1 Qxc4 37.Rhc1 Qa6 38.Nf4 g5 39.Be2 Qa4 40.Nxh3 Rxe4 
41.Bc3 Qb3 42.Bf3 1-0

[Event "7th Asia-ch"]
[Site "Subic Bay PHI"]
[Date "2009.05.18"]
[Round "6"]
[White "Hossain, Enamul"]
[Black "Nolte, Rolando"]
[Result "1-0"]
[WhiteElo "2531"]
[BlackElo "2479"]
[EventDate "2009.05.13"]
[PlyCount "61"]

1.e4 c5 2.Nf3 d6 3.d4 cxd4 4.Nxd4 Nf6 5.Nc3 a6 6.Bg5 e6 7.f4 Qb6 8.Qd2 
Qxb2 9.Rb1 Qa3 10.e5 h6 11.Bh4 dxe5 12.fxe5 Nd5 13.Nxd5 exd5 14.e6 Bxe6 
15.Nxe6 fxe6 16.Bd3 Be7 17.Bg6+ Kd8 18.Bxe7+ Qxe7 19.Rf1 Nc6 20.Rf7 Qc5 
21.Qf4 Qg1+ 22.Kd2 Qxg2+ 23.Kc3 Qh3+ 24.Bd3 e5 25.Qf2 Rc8 26.Rbxb7 Na5+ 
27.Kb2 Nxb7 28.Qb6+ Ke8 29.Rxb7 Qd7 30.Rxd7 Kxd7 31.Bf5+ 1-0

[Event "7th Asia-ch"]
[Site "Subic Bay PHI"]
[Date "2009.05.18"]
[Round "6"]
[White "Bui Vinh"]
[Black "Yu Yangyi"]
[Result "0-1"]
[WhiteElo "2522"]
[BlackElo "2433"]
[EventDate "2009.05.13"]
[PlyCount "80"]

1.d4 d5 2.Bg5 g6 3.e3 Bg7 4.Nf3 Nf6 5.c4 Ne4 6.Bf4 c5 7.Nc3 Nxc3 8.bxc3 
O-O 9.Be2 Nc6 10.O-O Bf5 11.Rc1 dxc4 12.Bxc4 Rc8 13.Qa4 a6 14.Be2 Qa5 15.
Qb3 cxd4 16.cxd4 Qb4 17.Rc5 b6 18.Rcc1 Qxb3 19.axb3 Nb4 20.Rc4 a5 21.Nd2 
Bd3 22.Bxd3 Nxd3 23.Bc7 b5 24.Rc3 Nb4 25.Rcc1 a4 26.bxa4 bxa4 27.Nb1 Ra8 
28.Na3 Rfc8 29.h3 Bf8 30.Bb6 e6 31.Rxc8 Rxc8 32.Ra1 Nd3 33.Ba5 Nc1 34.Be1 
Nb3 35.Ra2 Rc1 36.Kf1 Na1 37.Ke2 Bxa3 38.Bd2 Rc2 39.Rxa3 Nb3 40.Rxa4 Rxd2+
0-1

[Event "7th Asia-ch"]
[Site "Subic Bay PHI"]
[Date "2009.05.18"]
[Round "6"]
[White "Dimakiling, Oliver"]
[Black "Kunte, Abhijit"]
[Result "1/2-1/2"]
[WhiteElo "2426"]
[BlackElo "2513"]
[EventDate "2009.05.13"]
[PlyCount "91"]

1.d4 Nf6 2.Nf3 e6 3.e3 b6 4.Bd3 Bb7 5.Nbd2 c5 6.O-O Be7 7.c3 cxd4 8.exd4 
O-O 9.Re1 d6 10.a4 a6 11.Qe2 Nbd7 12.Nc4 Re8 13.Bf4 Nf8 14.Qc2 Bxf3 15.
gxf3 Nh5 16.Bg3 d5 17.Ne5 Bd6 18.c4 Bxe5 19.dxe5 Rc8 20.Qb3 d4 21.Re4 Nd7 
22.Rxd4 Qc7 23.Bxh7+ Kxh7 24.Qd3+ Kg8 25.Rxd7 Qxc4 26.Qe3 Qb4 27.Rad1 Qxa4
28.Qg5 g6 29.Kg2 Rc7 30.Rd8 Rc8 31.R1d4 Qc2 32.R8d6 Qf5 33.Qe3 b5 34.Rg4 
Rc4 35.Rg5 Nf4+ 36.Bxf4 Qxf4 37.Qxf4 Rxf4 38.Rxa6 Rb4 39.Ra2 Rc8 40.Rg4 
Rxg4+ 41.fxg4 Rc2 42.h4 b4 43.Kg3 b3 44.Ra8+ Kg7 45.f3 Rxb2 46.Rb8 1/2-1/2

[Event "7th Asia-ch"]
[Site "Subic Bay PHI"]
[Date "2009.05.18"]
[Round "6"]
[White "Murshed, Niaz"]
[Black "Laylo, Darwin"]
[Result "1-0"]
[WhiteElo "2407"]
[BlackElo "2509"]
[EventDate "2009.05.13"]
[PlyCount "139"]

1.c4 Nf6 2.Nc3 d5 3.cxd5 Nxd5 4.g3 g6 5.Bg2 Nxc3 6.bxc3 Bg7 7.Rb1 Nd7 8.
Nf3 c5 9.O-O O-O 10.c4 Rb8 11.Qa4 a6 12.d3 b6 13.Bb2 b5 14.cxb5 axb5 15.
Qc2 e5 16.Nd2 Bb7 17.Bxb7 Rxb7 18.a4 b4 19.Nb3 Rc7 20.Qc4 Qe7 21.a5 Rfc8 
22.e4 h5 23.Ra1 Nf8 24.a6 Ne6 25.Rfc1 h4 26.Ra5 h3 27.Qc2 Ra8 28.Kf1 Qd6 
29.Qc4 Raa7 30.Rca1 Nd4 31.Bxd4 cxd4 32.Rc5 Rxc5 33.Qxc5 Qxc5 34.Nxc5 Bf8 
35.Nb3 Bd6 36.Ke2 Kf8 37.Kd1 Ke7 38.Kc2 Kd7 39.Nd2 Kc6 40.Nc4 Bc7 41.Kb3 
Kc5 42.Ra4 f6 43.f3 Bd8 44.Rxb4 Rxa6 45.Rb8 Bc7 46.Rc8 Kc6 47.Kb2 g5 48.
Rh8 Ba5 49.Rxh3 Bc3+ 50.Kb3 Kd7 51.Rh7+ Ke8 52.Rb7 Be1 53.Nb6 Ba5 54.Nd5 
Bd8 55.Nb4 Ra1 56.Kc4 Be7 57.Nd5 Rc1+ 58.Kb5 Rb1+ 59.Ka6 Ra1+ 60.Kb6 Rb1+ 
61.Kc7 Rc1+ 62.Kb8 Bd8 63.h4 Rh1 64.Rh7 gxh4 65.gxh4 Rb1+ 66.Kc8 Rc1+ 67.
Kb7 Rd1 68.Kc6 Rxd3 69.Rh8+ Kf7 70.Rxd8 1-0

[Event "7th Asia-ch"]
[Site "Subic Bay PHI"]
[Date "2009.05.18"]
[Round "6"]
[White "Nguyen Anh Dung"]
[Black "Sadorra, Julio Catalino"]
[Result "1-0"]
[WhiteElo "2518"]
[BlackElo "2451"]
[EventDate "2009.05.13"]
[PlyCount "89"]

1.d4 Nf6 2.c4 e6 3.Nf3 c5 4.e3 d5 5.Nc3 a6 6.cxd5 exd5 7.Be2 Nc6 8.O-O Bd6
9.dxc5 Bxc5 10.b3 O-O 11.Bb2 Ba7 12.Rc1 Re8 13.Qc2 Bg4 14.Rfd1 h6 15.h3 
Be6 16.Bf1 Qe7 17.Ne2 Rac8 18.Qb1 Ne4 19.Ned4 Bd7 20.Rc2 Rcd8 21.Qa1 f6 
22.Nxc6 bxc6 23.Bxa6 g5 24.Bb7 Qd6 25.Rdc1 c5 26.Rd1 Be6 27.Nd2 f5 28.Nxe4
fxe4 29.Rcd2 Bb8 30.Bxd5 Qh2+ 31.Kf1 Bxd5 32.Rxd5 Rxd5 33.Rxd5 Qh1+ 34.Ke2
Qxg2 35.Bh8 Qf3+ 36.Ke1 Qf7 37.Qf6 Qxf6 38.Bxf6 Kf7 39.Bc3 Rc8 40.Rd7+ Kg6
41.a4 Rf8 42.a5 Bh2 43.a6 Bg1 44.Rd2 Ra8 45.Rd6+ 1-0

[Event "7th Asia-ch"]
[Site "Subic Bay PHI"]
[Date "2009.05.18"]
[Round "6"]
[White "Harika, Dronavalli"]
[Black "Zhou Jianchao"]
[Result "0-1"]
[WhiteElo "2474"]
[BlackElo "2635"]
[EventDate "2009.05.13"]
[PlyCount "92"]

1.d4 Nf6 2.c4 g6 3.Nc3 Bg7 4.e4 d6 5.Bd3 O-O 6.Nge2 Nbd7 7.O-O c5 8.h3 
cxd4 9.Nxd4 Nc5 10.Be3 b6 11.b4 Nxd3 12.Qxd3 Bb7 13.Nd5 Nd7 14.Bg5 Re8 15.
Rac1 h6 16.Bh4 g5 17.Bg3 e6 18.Nc3 a5 19.a3 axb4 20.axb4 Nc5 21.bxc5 dxc5 
22.e5 cxd4 23.Nb5 Bf8 24.Rc2 Bc6 25.Qxd4 Bxb5 26.Qxd8 Rexd8 27.cxb5 Rd5 
28.f4 Rxb5 29.fxg5 Bc5+ 30.Kh2 hxg5 31.Rd2 Ra7 32.h4 gxh4 33.Bxh4 Be7 34.
Bf2 Rb7 35.Re2 Rd5 36.Re4 b5 37.Be3 Kf8 38.Bd4 Rc7 39.Ref4 Ke8 40.Bb6 Rb7 
41.Bd4 f5 42.Bb2 Rd2 43.R4f2 Rbd7 44.Bc1 Rxf2 45.Rxf2 Bc5 46.Re2 Rd3 0-1

[Event "7th Asia-ch"]
[Site "Subic Bay PHI"]
[Date "2009.05.18"]
[Round "6"]
[White "Kazhgaleev, Murtas"]
[Black "Gonzales, Jayson"]
[Result "1-0"]
[WhiteElo "2626"]
[BlackElo "2465"]
[EventDate "2009.05.13"]
[PlyCount "73"]

1.d4 d5 2.c4 Nc6 3.Nc3 Nf6 4.Nf3 dxc4 5.Bg5 h6 6.Bxf6 exf6 7.e3 Bd6 8.Bxc4
O-O 9.O-O f5 10.a3 a6 11.h3 Rb8 12.Qc2 Bd7 13.Rfe1 g6 14.b4 Qf6 15.Rad1 
Qg7 16.Ba2 Rbd8 17.Na4 Bc8 18.Nb2 g5 19.Nc4 Rfe8 20.Bb3 g4 21.hxg4 fxg4 
22.Nh4 Be7 23.Nf5 Qg5 24.Nxe7+ Rxe7 25.Nd2 g3 26.Nf3 Qg7 27.Rf1 Bg4 28.Qc5
Rd6 29.fxg3 Rxe3 30.Rde1 Rxe1 31.Rxe1 Qf6 32.Ne5 Be6 33.d5 Nxe5 34.dxe6 
Nd3 35.e7 Qxe7 36.Rxe7 Nxc5 37.bxc5 1-0

[Event "7th Asia-ch"]
[Site "Subic Bay PHI"]
[Date "2009.05.18"]
[Round "6"]
[White "Ghaem Maghami, Ehsan"]
[Black "Xiu Deshun"]
[Result "0-1"]
[WhiteElo "2593"]
[BlackElo "2422"]
[EventDate "2009.05.13"]
[PlyCount "38"]

1.c4 c5 2.Nf3 Nc6 3.d4 cxd4 4.Nxd4 Nf6 5.Nc3 e6 6.a3 d5 7.cxd5 exd5 8.Bg5 
Bc5 9.e3 O-O 10.Be2 Bxd4 11.exd4 h6 12.Bh4 Qd6 13.Bg3 Qe7 14.O-O Ne4 15.
Nxd5 Qd8 16.Nf4 Nxd4 17.Bc4 Nd2 18.Re1 Nxc4 19.Re4 Nd2 0-1

[Event "7th Asia-ch"]
[Site "Subic Bay PHI"]
[Date "2009.05.18"]
[Round "6"]
[White "Nguyen Thanh Son"]
[Black "Al-Modiahki, Mohamad"]
[Result "0-1"]
[WhiteElo "2362"]
[BlackElo "2585"]
[EventDate "2009.05.13"]
[PlyCount "106"]

1.c4 Nf6 2.Nf3 g6 3.b3 Bg7 4.Bb2 O-O 5.g3 d6 6.Bg2 e5 7.d3 Nc6 8.O-O Bd7 
9.Nc3 a6 10.d4 e4 11.Ne1 Re8 12.Nc2 Qc8 13.d5 Nb8 14.Ne3 Bh3 15.Qc2 Bxg2 
16.Kxg2 Nbd7 17.Na4 b5 18.Nc3 bxc4 19.bxc4 Nc5 20.Rab1 Qd7 21.Ba3 Bh6 22.
Bxc5 dxc5 23.h3 Bf8 24.Qa4 Qxa4 25.Nxa4 Bd6 26.Rb7 Nd7 27.Rfb1 f5 28.R1b3 
Ne5 29.Nb2 Kg7 30.Nf1 Kf6 31.Nd2 Nd7 32.Na4 h5 33.e3 h4 34.Rb1 hxg3 35.
fxg3 Rab8 36.Rxb8 Rxb8 37.Rxb8 Nxb8 38.Nb3 Nd7 39.Kf2 Ne5 40.Naxc5 Nxc4 
41.Nd7+ Ke7 42.Nb8 Nb6 43.Nxa6 Nxd5 44.g4 fxg4 45.hxg4 Nc3 46.Nbc5 Bxc5 
47.Nxc5 Kd6 48.Nb7+ Kd5 49.a3 c5 50.Nd8 c4 51.Ke1 Nb1 52.Nf7 c3 53.Kd1 
Nxa3 0-1

[Event "7th Asia-ch"]
[Site "Subic Bay PHI"]
[Date "2009.05.18"]
[Round "6"]
[White "Bancod, Ronald"]
[Black "Megaranto, Susanto"]
[Result "0-1"]
[WhiteElo "2356"]
[BlackElo "2553"]
[EventDate "2009.05.13"]
[PlyCount "102"]

1.d4 Nf6 2.Nf3 e6 3.Bg5 h6 4.Bxf6 Qxf6 5.Nbd2 b6 6.e4 Bb7 7.Bd3 Qd8 8.Qe2 
d6 9.c3 a6 10.O-O Be7 11.Ne1 c5 12.f4 O-O 13.Nef3 Nd7 14.Rad1 b5 15.Bb1 
cxd4 16.cxd4 Rc8 17.e5 dxe5 18.fxe5 Nb6 19.Qd3 g6 20.Ne4 Nd5 21.g3 Kg7 22.
h4 Nb4 23.Qd2 Bxe4 24.Bxe4 Nxa2 25.Nh2 h5 26.Nf3 Nb4 27.Rf2 Nd5 28.Rdf1 
Rc4 29.Kh2 f5 30.exf6+ Nxf6 31.Re2 Ng4+ 32.Kg2 e5 33.b3 Bb4 34.Qa2 Rc3 35.
Qxa6 Qd6 36.Qb7+ Rf7 37.dxe5 Rxb7 38.exd6 Rd7 39.Kh3 Rxd6 40.Ng5 Rf6 41.
Ra1 Bc5 42.Bd5 Bf2 43.Rxf2 Rxf2 44.Bg2 Rcc2 45.Ra7+ Kf8 46.Ra8+ Ke7 47.
Ra7+ Ke8 48.Ra8+ Kd7 49.Ra7+ Kc8 50.Ra8+ Kc7 51.Ne6+ Kd6 0-1

[Event "7th Asia-ch"]
[Site "Subic Bay PHI"]
[Date "2009.05.18"]
[Round "6"]
[White "Deepan Chakravarthy, Jeyakumar"]
[Black "Irwanto, Sadikin"]
[Result "1/2-1/2"]
[WhiteElo "2482"]
[BlackElo "2447"]
[EventDate "2009.05.13"]
[PlyCount "169"]

1.e4 e5 2.Nf3 Nc6 3.Bb5 a6 4.Ba4 Nf6 5.O-O Be7 6.Re1 b5 7.Bb3 d6 8.c3 O-O 
9.d4 Bg4 10.Be3 exd4 11.cxd4 Na5 12.Bc2 c5 13.Nbd2 Nd7 14.h3 Bxf3 15.Nxf3 
Nc4 16.Bc1 cxd4 17.b3 d3 18.Bxd3 Bf6 19.Rb1 Nce5 20.Bf1 Nxf3+ 21.Qxf3 Qa5 
22.Qe2 Rfe8 23.Rd1 Re6 24.g3 Rae8 25.Bg2 b4 26.Be3 Nc5 27.Rd5 Qc7 28.Qc4 
Qa5 29.Bxc5 dxc5 30.Rxc5 Qxa2 31.Rd1 g6 32.f4 Bd8 33.Qc2 Qxc2 34.Rxc2 Bb6+
35.Kf1 Rf6 36.Ke2 g5 37.Kf3 gxf4 38.gxf4 a5 39.Rd5 Rfe6 40.Rc4 R6e7 41.e5 
Rd8 42.Rxd8+ Bxd8 43.Rc8 Rd7 44.f5 Kg7 45.Bf1 f6 46.e6 Rd5 47.Ke4 Re5+ 48.
Kf4 Be7 49.Rc7 Kf8 50.Rc8+ Kg7 51.Rc7 Kf8 52.Bc4 h5 53.Ra7 Rc5 54.Ra8+ Kg7
55.Ra7 Kf8 56.Ra8+ Kg7 57.Re8 Bd6+ 58.Ke4 Re5+ 59.Kd3 Bc5 60.h4 Re3+ 61.
Kd2 Re5 62.Rc8 Be7 63.Bd3 Rc5 64.Re8 Rc7 65.Bb5 Bd6 66.Bd7 Rc5 67.Kd3 Rxf5
68.Ra8 Re5 69.Ra7 Be7 70.Bc8 Kf8 71.Ra8 f5 72.Bd7+ Kg7 73.Ra7 Kf6 74.Ra8 
f4 75.Rh8 Kg7 76.Rc8 f3 77.Rc4 Rf5 78.Rc1 f2 79.Rf1 Kf8 80.Ke2 Bxh4 81.Rh1
Be7 82.Kf1 h4 83.Rh2 Rf4 84.Rxf2 Rxf2+ 85.Kxf2 1/2-1/2

[Event "7th Asia-ch"]
[Site "Subic Bay PHI"]
[Date "2009.05.18"]
[Round "6"]
[White "Wang Li"]
[Black "Villamayor, Buenaventura"]
[Result "1/2-1/2"]
[WhiteElo "2401"]
[BlackElo "2474"]
[EventDate "2009.05.13"]
[PlyCount "128"]

1.e4 d6 2.d4 Nf6 3.Nc3 g6 4.Be3 c6 5.Nf3 b5 6.e5 b4 7.exf6 bxc3 8.fxe7 
Bxe7 9.bxc3 O-O 10.Be2 Qa5 11.Qd2 Bg4 12.h3 Bxf3 13.Bxf3 d5 14.O-O Nd7 15.
Rfe1 Nb6 16.Bh6 Rfe8 17.Bg4 Bf8 18.Bf4 h5 19.Be2 Na4 20.Be5 Qxc3 21.Qxc3 
Nxc3 22.Ba6 Re6 23.Re3 Bb4 24.Rf3 Rae8 25.Bd3 c5 26.g4 c4 27.Bf1 hxg4 28.
hxg4 Ne4 29.Bg2 f6 30.Bf4 Bc3 31.Rd1 Ra6 32.Re3 g5 33.Bh2 Bb4 34.Bxe4 Rxe4
35.Rxe4 dxe4 36.d5 Bd6 37.Bxd6 Rxd6 38.Rd4 c3 39.Kf1 Kf8 40.Ke2 Rb6 41.
Rxe4 Rb5 42.Rd4 Ke7 43.Kd3 Rc5 44.Ke4 a6 45.a4 a5 46.f3 Kd6 47.Rd3 Rc4+ 
48.Kf5 Rxa4 49.Kxf6 Rc4 50.Kxg5 a4 51.f4 a3 52.Rd1 a2 53.Ra1 Ra4 54.Kf5 
Kxd5 55.g5 Kd4 56.Kg6 Ke3 57.f5 Kd2 58.f6 Kxc2 59.f7 Kb2 60.Rxa2+ Rxa2 61.
f8=Q c2 62.Qb4+ Ka1 63.Qc3+ Kb1 64.Qd3 Kb2 1/2-1/2

[Event "7th Asia-ch"]
[Site "Subic Bay PHI"]
[Date "2009.05.18"]
[Round "6"]
[White "Novita, Anjas"]
[Black "Gundavaa, Bayarsaihan"]
[Result "0-1"]
[WhiteElo "2345"]
[BlackElo "2461"]
[EventDate "2009.05.13"]
[PlyCount "94"]

1.e4 c5 2.Nf3 e6 3.d4 cxd4 4.Nxd4 a6 5.Nc3 Qc7 6.a3 Nf6 7.Bd3 Nc6 8.Be3 
Ne5 9.h3 Nc4 10.Bxc4 Qxc4 11.Qd3 Qc7 12.f4 d6 13.O-O Be7 14.Rf2 O-O 15.
Raf1 b5 16.g4 d5 17.exd5 Nxd5 18.Nxd5 exd5 19.c3 Re8 20.Rf3 Bb7 21.f5 Bf8 
22.f6 g6 23.Qd2 Re4 24.Bh6 Bc5 25.b4 Bb6 26.Be3 Qd6 27.Bf2 Qf8 28.Kg2 Rae8
29.Be3 Qd6 30.R1f2 Qe5 31.Bf4 Rxd4 32.Bxe5 Rxd2 33.Rxd2 Rxe5 34.Kf1 g5 35.
Rf5 Rxf5+ 36.gxf5 Bd8 37.Re2 Bc6 38.h4 h6 39.hxg5 hxg5 40.Kf2 Bxf6 41.Kg3 
Bxc3 42.Re7 d4 43.Rc7 Bd5 44.Kg4 f6 45.Kh5 Bf7+ 46.Kh6 Kf8 47.Rc6 g4 0-1

[Event "7th Asia-ch"]
[Site "Subic Bay PHI"]
[Date "2009.05.18"]
[Round "6"]
[White "Wan Yunguo"]
[Black "Abu Sufian, Shakil"]
[Result "1-0"]
[WhiteElo "2434"]
[BlackElo "2378"]
[EventDate "2009.05.13"]
[PlyCount "57"]

1.e4 c5 2.Nf3 Nc6 3.d4 cxd4 4.Nxd4 g6 5.Nc3 Bg7 6.Be3 Nf6 7.Bc4 O-O 8.Bb3 
d6 9.f3 Bd7 10.Qd2 Nxd4 11.Bxd4 b5 12.h4 a5 13.a3 b4 14.Nd5 Nxd5 15.Bxg7 
Kxg7 16.Bxd5 Rb8 17.h5 e6 18.Bc4 Qb6 19.b3 bxa3 20.O-O-O Rfc8 21.hxg6 hxg6
22.Qh6+ Kf6 23.Qf4+ Kg7 24.Rh7+ Kxh7 25.Qxf7+ Kh6 26.Rh1+ Kg5 27.Qe7+ Kf4 
28.Qf6+ Ke3 29.Qg5+ 1-0

[Event "7th Asia-ch"]
[Site "Subic Bay PHI"]
[Date "2009.05.18"]
[Round "6"]
[White "Hassan, Abdullah"]
[Black "Hafizulhelmi, Mas"]
[Result "1-0"]
[WhiteElo "2322"]
[BlackElo "2421"]
[EventDate "2009.05.13"]
[PlyCount "67"]

1.d4 Nf6 2.Nf3 g6 3.g3 Bg7 4.Bg2 d5 5.O-O c6 6.c4 dxc4 7.Qc2 Nbd7 8.a4 a5 
9.Na3 Nb6 10.e4 O-O 11.h3 Nfd7 12.Rd1 e5 13.Nxe5 Nxe5 14.dxe5 Qe7 15.Be3 
Qb4 16.f4 Re8 17.Qf2 Nd7 18.Bf1 b5 19.Nc2 Qf8 20.Nd4 f6 21.axb5 fxe5 22.
Bxc4+ Kh8 23.Ne6 Qb4 24.bxc6 Qxc4 25.Nxg7 Re7 26.cxd7 Bxd7 27.fxe5 Rf7 28.
Qd2 Kxg7 29.Rxa5 Re8 30.Rd5 Bxh3 31.Bh6+ Kg8 32.Rd8 Re7 33.Qf4 Qe6 34.Qf8+
1-0